000 00559nam a2200181 i 4500
001 40330
003 ES-MaACL
005 20251015063051.0
007 t|
008 030305s1894 sp ||||1| spa d
100 1 _aCarrasco y Saiz del Campo, Adolfo,
_d1830-1906
_935577
245 1 0 _aArtilleros y artillería bajo su aspecto industrial o sea nuestra ingeniería /
_cAdolfo Carrasco y Sayz.
260 _aMadrid :
_b[s.n.],
_c1894.
300 _a1 v.
650 4 _aArtillería.
_9135626
852 _aES-MaACL
_jT-849-F-3
999 _c40330
_d40330